[Event "Groningen op"]
[Site "Groningen"]
[Date "1999.12.23"]
[Round "5"]
[White "Atalik, Suat"]
[Black "Jonkman, Harmen"]
[Result "1-0"]
[WhiteElo "2598"]
[BlackElo "2421"]
[PlyCount "89"]
[EventDate "1999.12.19"]
[Source "ChessBase"]
[SourceDate "2000.01.11"]

1. c4 e6 2. Nc3 d5 3. d4 Nf6 4. Nf3 Be7 5. Bg5 h6 6. Bh4 O-O 7. e3 Nbd7 8. Rc1 c6 9. Bd3 dxc4 10. Bxc4 b5 11. Bd3 Bb7 12. O-O a6 13. a4 Rc8 14. Qe2 Nd5 15. Bxe7 Nxc3 16. bxc3 Qxe7 17. Nd2 e5 18. Bf5 Rcd8 19. Bxd7 Rxd7 20. Nb3 Rd6 21. Nc5 Bc8 22. Rce1 Re8 23. Qd2 Be6 24. f4 Bc4 25. fxe5 Qxe5 26. Rf2 Qg5 27. e4 Qxd2 28. Rxd2 f6 29. Rb2 Ra8 30. a5 Rb8 31. Nxa6 Ra8 32. Nc5 Rdd8 33. a6 Ra7 34. e5 Kf7 35. Rf2 b4 36. Nb7 Rxb7 37. axb7 b3 38. Ra1 Rb8 39. Ra4 Rxb7 40. exf6 b2 41. fxg7+ Kxg7 42. Rxb2 Rxb2 43. Rxc4 Rb6 44. g4 Kf6 45. Rc5 1-0

[Event "Thessaloniki ol (Men)"]
[Site "Thessaloniki GRE"]
[Date "1988.??.??"]
[Round "4"]
[White "Schussler, Harry"]
[Black "Adianto, Utut"]
[Result "0-1"]
[WhiteElo "2490"]
[BlackElo "2525"]
[PlyCount "98"]
[EventDate "1988.11.??"]
[Source "www.chesslib.no"]
[SourceDate "2004.05.04"]

1. d4 Nf6 2. Nf3 d5 3. c4 e6 4. Bg5 Be7 5. Nc3 h6 6. Bh4 O-O 7. e3 Nbd7 8. Rc1 c6 9. Bd3 dxc4 10. Bxc4 Nd5 11. Bxe7 Qxe7 12. Ne4 N5f6 13. Ng3 c5 14. O-O Rd8 15. Bb5 b6 16. Bc6 Rb8 17. Qa4 Bb7 18. Bxb7 Rxb7 19. Rfd1 cxd4 20. Qxd4 Re8 21. e4 e5 22. Qe3 Ng4 23. Qe2 g6 24. Nd4 exd4 25. Qxg4 d3 26. Qf4 Nc5 27. Qxh6 Rd7 28. f3 Qe5 29. Qd2 a5 30. Nf1 Ne6 31. Rc3 Red8 32. Qe3 Qb5 33. Rb3 Qc4 34. Kf2 b5 35. Rc1 d2 36. Rd1 Qc2 37. Qe2 Nd4 38. Rxd2 Qc5 39. Qe3 Nxb3 40. Rxd7 Rxd7 41. axb3 Qc2+ 42. Qe2 Qxb3 43. Ne3 Rd4 44. Nd5 a4 45. Kg3 Qd3 46. Qe1 Qd2 47. Qg1 Qxb2 48. Qe3 Qd2 49. Qa3 Qg5+ 0-1

[Event "Balkaniad (Men)"]
[Site "Baile Herculane"]
[Date "1978.10.??"]
[Round "1"]
[White "Gheorghiu, Florin"]
[Black "Radulov, Ivan G"]
[Result "1-0"]
[WhiteElo "2520"]
[BlackElo "2490"]
[PlyCount "83"]
[EventDate "1978.10.02"]
[Source "www.chesslib.no"]
[SourceDate "2004.05.04"]

1. c4 Nf6 2. Nc3 e6 3. Nf3 d5 4. d4 Nbd7 5. Bg5 Be7 6. Rc1 O-O 7. e3 c6 8. Bd3 h6 9. Bh4 Ne8 10. Bg3 Bd6 11. Ne5 Be7 12. O-O Bh4 13. Bxh4 Qxh4 14. Nf3 Qe7 15. e4 dxc4 16. Bxc4 e5 17. Nxe5 Nxe5 18. dxe5 Qxe5 19. Kh1 Be6 20. f4 Qd6 21. Qb3 Nc7 22. Bxe6 Nxe6 23. e5 Qe7 24. Ne4 Rad8 25. Nd6 Nxf4 26. Rxf4 Qxe5 27. Nxf7 Qxf4 28. Nxd8+ Kh8 29. Qd1 Qe4 30. Nxb7 Rf2 31. Qg1 Rxb2 32. Nc5 Qd5 33. a4 Rd2 34. Re1 Rc2 35. Ne6 c5 36. Qf1 Kh7 37. Nf8+ Kg8 38. Ng6 Qf7 39. Qd3 Rf2 40. h4 h5 41. Re7 Qf5 42. Qd8+ 1-0

[Event "Noyabrsk"]
[Site "Noyabrsk"]
[Date "1995.??.??"]
[Round "4"]
[White "Nedobora, Mikhail"]
[Black "Abramovic, Bosko"]
[Result "1-0"]
[WhiteElo "2480"]
[BlackElo "2520"]
[PlyCount "75"]
[EventDate "1995.05.??"]
[Source "ChessBase"]

1. Nf3 Nf6 2. c4 e6 3. Nc3 d5 4. d4 Nbd7 5. Bg5 Be7 6. e3 O-O 7. Rc1 c6 8. Bd3 b6 9. O-O Bb7 10. Qe2 dxc4 11. Bxc4 Nd5 12. Bxe7 Qxe7 13. Nxd5 exd5 14. Ba6 Bxa6 15. Qxa6 Rfc8 16. Rfd1 Rc7 17. Ne1 h6 18. Nd3 Rac8 19. Nf4 Nf6 20. Qd3 g6 21. Rc2 Kg7 22. Rdc1 Qd6 23. Rd1 Qe7 24. Qb3 h5 25. a4 h4 26. h3 g5 27. Nd3 c5 28. dxc5 bxc5 29. Nc1 Qe6 30. Ne2 Rc6 31. Qd3 Rb8 32. Rdc1 Qe4 33. Qa3 Qb4 34. Nd4 Ra6 35. Qd3 cxd4 36. Qxa6 dxe3 37. fxe3 Qe4 38. Qxa7 1-0

[Event "ISR-chT"]
[Site "?"]
[Date "2003.05.02"]
[Round "9"]
[White "Greenfeld Alon"]
[Black "Shvidler Eliahu"]
[Result "1-0"]
[WhiteElo "2549"]
[BlackElo "2450"]
[PlyCount "63"]
[EventDate "2003.??.??"]
[Source "www.chesslib.no"]
[SourceDate "2004.05.04"]

1. d4 d5 2. c4 c6 3. Nf3 Nf6 4. Nc3 e6 5. Bg5 Nbd7 6. e3 h6 7. Bh4 Be7 8. Bd3 O-O 9. Rc1 a6 10. O-O dxc4 11. Bxc4 c5 12. a4 cxd4 13. exd4 Nb6 14. Ba2 Bd7 15. Ne5 Rc8 16. Qd3 Nxa4 17. Bb1 Nxc3 18. bxc3 Re8 19. Rfe1 Kf8 20. Re3 Bb5 21. c4 Qc7 22. Rc3 Bb4 23. Rc2 Ba4 24. Rb2 a5 25. Rf3 Ke7 26. Qh7 Rg8 27. Bxf6+ gxf6 28. Qxf7+ Kd6 29. c5+ Kd5 30. Ba2+ Kxd4 31. Qxe6 Kxc5 32. Rc3+ 1-0

[Event "Europa ch 2008"]
[Site "Plovdiv BUL"]
[Date "2008.04.26"]
[Round "6.105"]
[White "Balogh, Imre"]
[Black "Georgiev, Vladimir"]
[Result "0-1"]
[WhiteElo "2415"]
[BlackElo "2572"]
[PlyCount "96"]
[EventDate "2008.04.21"]
[Source "www.chesslib.no"]
[SourceDate "2004.05.04"]

1. d4 Nf6 2. c4 e6 3. Nf3 d5 4. Nc3 c6 5. Bg5 Be7 6. e3 Nbd7 7. Rc1 O-O 8. Bd3 dxc4 9. Bxc4 b5 10. Bd3 Bb7 11. O-O Rc8 12. Qe2 b4 13. Bxf6 gxf6 14. Ne4 c5 15. dxc5 Bxe4 16. Bxe4 Nxc5 17. Bb1 f5 18. Rc4 Na4 19. Rd4 Qb6 20. e4 Bf6 21. e5 Rfd8 22. Rf4 Bg7 23. h4 Bh6 24. Ng5 Bxg5 25. hxg5 Rd4 26. Rf3 Qd8 27. Rg3 Nb6 28. Qh5 Qf8 29. f4 Qg7 30. Rd3 Rcd8 31. Qf3 Qf8 32. Rb3 Nc4 33. Qh5 Nd2 34. Rh3 Qg7 35. Re1 Nxb1 36. Rxb1 Rxf4 37. Re1 Rg4 38. Rh4 Rxg5 39. Qe2 a5 40. Rh3 Rd5 41. Re3 Rd4 42. Qf3 h6 43. R1e2 Kh7 44. Qb7 Rd1+ 45. Kf2 Rd5 46. Kg1 f4 47. Rf3 Rdxe5 48. Rxe5 Rxg2+ 0-1

[Event "Moscow-ch"]
[Site "Moscow"]
[Date "1981.??.??"]
[Round "1"]
[White "Razuvaev, Yuri S"]
[Black "Suetin, Alexey S"]
[Result "1/2-1/2"]
[WhiteElo "2525"]
[BlackElo "2460"]
[PlyCount "112"]
[EventDate "1981.06.??"]
[Source "ChessBase"]

1. Nf3 Nf6 2. c4 e6 3. Nc3 d5 4. d4 Be7 5. Bg5 Nbd7 6. e3 O-O 7. Rc1 c6 8. Bd3 h6 9. Bh4 dxc4 10. Bxc4 b5 11. Bd3 a6 12. a4 bxa4 13. Nxa4 Qa5+ 14. Nd2 Bb4 15. Nc3 Bb7 16. O-O Qh5 17. Qxh5 Nxh5 18. Be2 Nhf6 19. Nb3 a5 20. Na4 Ba6 21. Bxa6 Rxa6 22. Rc2 g5 23. Bg3 Ne4 24. Rfc1 Nxg3 25. hxg3 Nb8 26. Kf1 Rd8 27. Ke2 Ra7 28. g4 Kg7 29. Nbc5 Rd5 30. Nd3 Rb7 31. Nc3 Rd8 32. Ne4 Rb5 33. g3 Bf8 34. f4 Na6 35. Kf3 gxf4 36. gxf4 Rb3 37. Rc3 Rdb8 38. f5 Rxc3 39. Rxc3 Nb4 40. Ndc5 Bxc5 41. Nxc5 h5 42. fxe6 hxg4+ 43. Kxg4 Nd5 44. Ra3 Rxb2 45. e4 Ne7 46. Rxa5 fxe6 47. Ra7 Kf7 48. Kf4 Kf6 49. Nd7+ Kg6 50. Nf8+ Kf7 51. Nh7 Rh2 52. Ng5+ Ke8 53. Nxe6 Rh4+ 54. Kg3 Rxe4 55. Ra8+ Nc8 56. Rxc8+ Ke7 1/2-1/2

[Event "Gausdal Classics GMA"]
[Site "Gausdal NOR"]
[Date "2008.04.12"]
[Round "5"]
[White "Hole, O."]
[Black "Kaidanov, G."]
[Result "0-1"]
[WhiteElo "2387"]
[BlackElo "2596"]
[PlyCount "140"]
[EventDate "2008.04.08"]
[Source "www.chesslib.no"]
[SourceDate "2004.05.04"]

1. Nf3 d5 2. d4 Nf6 3. c4 e6 4. Nc3 c6 5. Bg5 Be7 6. e3 Nbd7 7. Rc1 O-O 8. Bd3 h6 9. Bh4 dxc4 10. Bxc4 b5 11. Be2 Bb7 12. O-O Rc8 13. Qd3 a6 14. Rfd1 c5 15. dxc5 Nxc5 16. Qb1 Qe8 17. b4 Nce4 18. Nxe4 Bxe4 19. Qb2 Rxc1 20. Rxc1 Qa8 21. a3 Rc8 22. Rxc8+ Qxc8 23. Nd4 g5 24. Bg3 Nd5 25. Bf3 Bxf3 26. Nxf3 Qc4 27. h3 f6 28. Qb1 Kg7 29. Be5 Bd8 30. Bb2 Bb6 31. Nd4 Bxd4 32. Bxd4 e5 33. Bb2 Nb6 34. Qd1 Qc6 35. Qf3 Qxf3 36. gxf3 Nc4 37. Bc1 f5 38. e4 Nd6 39. exf5 Nxf5 40. Kg2 Kf6 41. Bb2 Ke6 42. Kh2 Nh4 43. Kg3 Kf5 44. Bc1 Ng6 45. Bd2 h5 46. Be3 h4+ 47. Kh2 Kf6 48. Bd2 Nf4 49. Bc3 Kf5 50. Bd2 Ke6 51. Bc3 Kd5 52. Bb2 Nd3 53. Bc3 Kc4 54. Bd2 Nf4 55. Be3 Kd3 56. Bc5 Ke2 57. Bd6 Kxf2 58. Bxe5 Kxf3 59. Bf6 Ne6 60. Be7 Ke4 61. Kg2 Nf4+ 62. Kh2 Kf5 63. Bc5 g4 64. hxg4+ Kxg4 65. Be7 Nd3 66. Bd6 Nb2 67. Kg2 Nc4 68. Bc7 Nxa3 69. Kf2 Nc2 70. Bd6 Nd4 0-1

[Event "Jakarta"]
[Site "?"]
[Date "1986.??.??"]
[Round "?"]
[White "Hulak, K."]
[Black "Handoko, E."]
[Result "1-0"]
[WhiteElo "2540"]
[BlackElo "2440"]
[PlyCount "131"]
[EventDate "1986.??.??"]
[Source "ChessBase"]
[SourceDate "1986.07.01"]

1. d4 Nf6 2. c4 e6 3. Nc3 d5 4. Bg5 Be7 5. e3 O-O 6. Rc1 Nbd7 7. Nf3 c6 8. Bd3 h6 9. Bh4 dxc4 10. Bxc4 b5 11. Bd3 Bb7 12. O-O a6 13. Bxf6 Nxf6 14. Ne4 Qd5 15. Nxf6+ Bxf6 16. Bb1 Rfd8 17. Qe2 Be7 18. Rfd1 Rac8 19. Ne5 Bf8 20. f3 Qd6 21. Qc2 f5 22. Nd3 Rc7 23. b4 Qe7 24. a3 Qf6 25. Ba2 Kh8 26. Nf4 Re7 27. Qb3 Rd6 28. Ne2 Qh4 29. Rc5 g6 30. Nf4 Kh7 31. Nd3 Bg7 32. Ne5 Bxe5 33. Rxe5 Qf6 34. Qc2 Red7 35. f4 Rg7 36. Rf1 Bc8 37. Rf3 g5 38. fxg5 Rxg5 39. Qf2 Qxe5 40. dxe5 Rd1+ 41. Qf1 Rxf1+ 42. Rxf1 Rg7 43. Rc1 Rc7 44. Kf2 Kg6 45. Kf3 a5 46. Kf4 axb4 47. axb4 Ra7 48. Bb3 Ra3 49. Rc3 Bd7 50. e4 fxe4 51. Rg3+ Kh7 52. Kxe4 Ra1 53. Kd4 Rc1 54. Rf3 Kg7 55. h4 Rh1 56. g3 Rc1 57. g4 Rg1 58. Rf4 Rb1 59. Rf3 Rg1 60. Kc5 Rxg4 61. Rd3 Be8 62. Rd4 Rxd4 63. Kxd4 Kf7 64. Kc5 Ke7 65. Bc2 Kd7 66. Kb6 1-0

[Event "FRG Ch int 4th"]
[Site "Bad Lauterberg GER"]
[Date "1977.??.??"]
[Round "13"]
[White "Olafsson, Fridrik"]
[Black "Gerusel, Mathias"]
[Result "0-1"]
[WhiteElo "2560"]
[BlackElo "2420"]
[PlyCount "113"]
[EventDate "1977.03.??"]
[Source "www.chesslib.no"]
[SourceDate "2004.05.04"]

1. d4 Nf6 2. c4 e6 3. Nc3 d5 4. Nf3 Be7 5. Bg5 O-O 6. Rc1 c6 7. e3 h6 8. Bh4 Nbd7 9. Bd3 dxc4 10. Bxc4 Nd5 11. Bg3 Nxc3 12. bxc3 Qa5 13. O-O b5 14. Bd3 Qxa2 15. Ra1 Qb2 16. Nd2 Qxc3 17. Qe2 Nc5 18. dxc5 Rd8 19. Be4 Rxd2 20. Qe1 Bb7 21. Ra2 Rad8 22. Rxa7 R8d7 23. Bd6 Bxd6 24. cxd6 b4 25. h4 f5 26. Bf3 Rc2 27. Qd1 Rd2 28. Qe1 Rd3 29. Qxc3 Rxc3 30. Rb1 Ra3 31. Rxa3 bxa3 32. Ra1 Rxd6 33. Rxa3 Kf7 34. Rb3 Rd7 35. g4 Ke7 36. gxf5 exf5 37. h5 Kd6 38. Kg2 Kc7 39. Kg3 Ba6 40. Rc3 Bb5 41. Rc5 Kb6 42. Rxf5 c5 43. e4 c4 44. Be2 Ba6 45. Re5 Rc7 46. Kf3 c3 47. Re6+ Rc6 48. Rxc6+ Kxc6 49. Bd1 Bd3 50. Ba4+ Kc5 51. Ke3 c2 52. Kd2 Bxe4 53. Bd7 Kd6 54. Be8 Ke5 55. Bb5 Kf4 56. Be2 Bf5 57. Kc1 0-1

[Event "Camaguey-A"]
[Site "Camaguey"]
[Date "1987.??.??"]
[Round "?"]
[White "Novikov, Igor A"]
[Black "Ubilava, Elizbar"]
[Result "1/2-1/2"]
[WhiteElo "2480"]
[BlackElo "2495"]
[PlyCount "36"]
[EventDate "1987.05.??"]
[Source "ChessBase"]

1. d4 d5 2. c4 e6 3. Nc3 Be7 4. Nf3 Nf6 5. Bg5 Nbd7 6. e3 h6 7. Bh4 O-O 8. Rc1 c6 9. Bd3 dxc4 10. Bxc4 b5 11. Bd3 Bb7 12. O-O Rc8 13. Bxf6 Nxf6 14. Ne4 Nd7 15. a3 c5 16. Nxc5 Nxc5 17. dxc5 Bxf3 18. gxf3 Rxc5 1/2-1/2

[Event "FRA-chT"]
[Site "Bordeus"]
[Date "2001.03.30"]
[Round "5.5"]
[White "Cramling, Pia"]
[Black "Godena, Michele"]
[Result "1/2-1/2"]
[WhiteElo "2492"]
[BlackElo "2474"]
[PlyCount "50"]
[EventDate "2001.03.29"]
[Source "www.chesslib.no"]
[SourceDate "2004.05.04"]

1. d4 d5 2. c4 e6 3. Nf3 Nf6 4. Bg5 h6 5. Bh4 Be7 6. Nc3 Nbd7 7. e3 O-O 8. Rc1 c6 9. Bd3 b6 10. O-O Bb7 11. Qe2 c5 12. Rfd1 Ne4 13. Bxe7 Qxe7 14. cxd5 Nxc3 15. Rxc3 Bxd5 16. Bb1 Rfd8 17. h3 Rac8 18. Rdc1 Bb7 19. a3 Qf8 20. dxc5 Nxc5 21. Nd4 Ne4 22. Rc7 Nf6 23. Qf1 Rxc7 24. Rxc7 Rd7 25. Qc1 Qd8 1/2-1/2

[Event "RUS-ch U20"]
[Site "Ufa"]
[Date "2000.??.??"]
[Round "3"]
[White "Iljushin, Alexei"]
[Black "Grigoriants, Sergey"]
[Result "1/2-1/2"]
[WhiteElo "2515"]
[BlackElo "2451"]
[PlyCount "57"]
[EventDate "2000.??.??"]
[Source "www.chesslib.no"]
[SourceDate "2004.05.04"]

1. d4 d5 2. c4 e6 3. Nc3 Be7 4. Nf3 Nf6 5. Bg5 O-O 6. e3 Nbd7 7. Rc1 c6 8. Bd3 a6 9. b3 h6 10. Bh4 c5 11. cxd5 Nxd5 12. Bxe7 Nxe7 13. O-O cxd4 14. Nxd4 Nf6 15. Ne4 Nxe4 16. Bxe4 Qa5 17. Bb1 e5 18. Qc2 Ng6 19. Nf5 Rd8 20. Qc7 Qxc7 21. Rxc7 Rb8 22. f3 Be6 23. h4 Rd2 24. h5 Nf8 25. Rfc1 Kh8 26. Ne7 Nh7 27. Bf5 Bxf5 28. Nxf5 Ng5 29. R1c2 1/2-1/2

[Event "Budapest Elekes"]
[Site "Budapest HUN"]
[Date "1995.??.??"]
[Round "2"]
[White "Horvath, Jozsef"]
[Black "Izsak, Gyula"]
[Result "1/2-1/2"]
[WhiteElo "2515"]
[BlackElo "2445"]
[PlyCount "59"]
[EventDate "1995.??.??"]
[Source "www.chesslib.no"]
[SourceDate "2004.05.04"]

1. d4 d5 2. c4 e6 3. Nf3 c6 4. Nc3 Nf6 5. Bg5 Be7 6. e3 Nbd7 7. Rc1 O-O 8. Bd3 a6 9. a4 h6 10. Bh4 dxc4 11. Bxc4 b5 12. Bd3 Bb7 13. O-O Rc8 14. Qe2 Nb6 15. b3 Nbd5 16. Nxd5 Qxd5 17. Bxf6 Bxf6 18. Nd2 Be7 19. Be4 Qd7 20. Nf3 c5 21. Ne5 Qc7 22. Qf3 Bxe4 23. Qxe4 Bd6 24. g3 c4 25. axb5 axb5 26. bxc4 Bxe5 27. dxe5 bxc4 28. Rc3 Qa5 29. Rfc1 Rc5 30. Rxc4 1/2-1/2

[Event "Rubinstein Memorial"]
[Site "Polanica Zdroj POL"]
[Date "1988.??.??"]
[Round "11"]
[White "Jasnikowski, Zbigniew"]
[Black "Borges Mateos, Juan"]
[Result "1-0"]
[WhiteElo "2425"]
[BlackElo "2535"]
[PlyCount "45"]
[EventDate "1988.08.??"]
[Source "www.chesslib.no"]
[SourceDate "2004.05.04"]

1. d4 e6 2. c4 Nf6 3. Nf3 d5 4. Nc3 Be7 5. Bg5 O-O 6. e3 Nbd7 7. Rc1 c6 8. Bd3 h6 9. Bh4 dxc4 10. Bxc4 b5 11. Be2 a6 12. a4 Bb7 13. O-O Rc8 14. Nd2 b4 15. Bxf6 gxf6 16. Nce4 c5 17. dxc5 Bxc5 18. Bf3 Bd5 19. Ng3 Ne5 20. Bxd5 Qxd5 21. Nde4 Be7 22. Nf5 Qb7 23. Rxc8 1-0

[Event "Marseille"]
[Site "Marseille FRA"]
[Date "1986.??.??"]
[Round "?"]
[White "Haik, Aldo"]
[Black "Renet, Olivier"]
[Result "1/2-1/2"]
[WhiteElo "2475"]
[BlackElo "2480"]
[PlyCount "96"]
[EventDate "1986.07.??"]
[Source "www.chesslib.no"]
[SourceDate "2004.05.04"]

1. d4 d5 2. c4 e6 3. Nc3 Be7 4. Nf3 Nf6 5. Bg5 Nbd7 6. e3 h6 7. Bh4 O-O 8. Rc1 c6 9. Bd3 dxc4 10. Bxc4 b5 11. Bd3 a6 12. a4 bxa4 13. Nxa4 Qa5+ 14. Nd2 Bb4 15. Nc3 c5 16. Nb3 Qd8 17. O-O cxd4 18. Nxd4 Bb7 19. Be4 Rb8 20. Bxb7 Rxb7 21. Ne4 g5 22. Nc6 Qb6 23. Nxf6+ Nxf6 24. Bg3 a5 25. Be5 Ne4 26. Nxb4 axb4 27. Qc2 Nd6 28. Rfd1 Nf5 29. Qe4 Qb5 30. h3 Nh4 31. Bf6 Ng6 32. Rd4 Rfb8 33. g4 Rd7 34. Rdc4 Qb7 35. Qxb7 Rdxb7 36. f4 gxf4 37. exf4 Ne7 38. Kf2 Kh7 39. Be5 Rd8 40. Rc7 Rd7 41. Rxb7 Rxb7 42. Kf3 Kg6 43. h4 h5 44. gxh5+ Kxh5 45. Rg1 Rd7 46. Rg5+ Kh6 47. Bg7+ Kh7 48. Bf8 Nf5 1/2-1/2

[Event "URS-ch sf"]
[Site "Minsk"]
[Date "1983.??.??"]
[Round "?"]
[White "Bronstein, David I"]
[Black "Ubilava, Elizbar"]
[Result "1/2-1/2"]
[WhiteElo "2490"]
[BlackElo "2445"]
[PlyCount "78"]
[EventDate "1983.09.??"]
[Source "ChessBase"]

1. d4 d5 2. c4 e6 3. Nc3 Be7 4. Nf3 Nf6 5. Bg5 Nbd7 6. e3 h6 7. Bh4 O-O 8. Rc1 c6 9. Bd3 dxc4 10. Bxc4 a6 11. a4 c5 12. O-O cxd4 13. exd4 Nb6 14. Ba2 Nbd5 15. Ne5 Nb4 16. Bb1 Bd7 17. Qb3 a5 18. Rfe1 Kh8 19. Na2 Nxa2 20. Bxa2 Bc6 21. Qd3 Qe8 22. Bb1 g6 23. Nxc6 bxc6 24. Bg3 Nd5 25. h4 h5 26. Be5+ Bf6 27. Bd6 Rg8 28. g3 Qd7 29. Qd2 Kg7 30. Bc5 Rgb8 31. Be4 Rb3 32. Red1 Bd8 33. Bd3 Rab8 34. Rb1 Qb7 35. Bd6 Bc7 36. Ba3 Qa7 37. Bc5 Qb7 38. Ba3 Qa7 39. Bc5 Qb7 1/2-1/2

[Event "Capablanca Memorial"]
[Site "Cienfuegos City CUB"]
[Date "1989.??.??"]
[Round "2"]
[White "Borges Mateos, Juan"]
[Black "Sieiro-Gonzalez, Luis"]
[Result "1-0"]
[WhiteElo "2535"]
[BlackElo "2395"]
[PlyCount "99"]
[EventDate "1989.??.??"]
[Source "www.chesslib.no"]
[SourceDate "2004.05.04"]

1. d4 Nf6 2. c4 e6 3. Nf3 d5 4. Nc3 Be7 5. Bg5 Nbd7 6. e3 O-O 7. Rc1 h6 8. Bh4 c6 9. Bd3 dxc4 10. Bxc4 b5 11. Bd3 a6 12. a4 bxa4 13. Nxa4 Qa5+ 14. Nd2 Bb4 15. Nc3 c5 16. O-O cxd4 17. Nb3 Qh5 18. Qxh5 Nxh5 19. Nxd4 Bb7 20. Be4 Bxc3 21. Bxb7 Rab8 22. Rxc3 Rxb7 23. Be7 Re8 24. Ba3 Nhf6 25. Rfc1 g5 26. h3 Kg7 27. Rc6 Kg6 28. f4 Nb6 29. f5+ exf5 30. Rf1 Rc8 31. Rxc8 Nxc8 32. Rxf5 g4 33. Ra5 Rb6 34. b3 Ne4 35. hxg4 Ncd6 36. Bxd6 Rxd6 37. Kh2 Rb6 38. Kh3 Rf6 39. Re5 Ng5+ 40. Kh4 Rf1 41. Re8 Ra1 42. Kg3 Kf6 43. Rh8 Ke5 44. Rxh6 Ne4+ 45. Kf3 Rf1+ 46. Ke2 Rf2+ 47. Kd3 Rd2+ 48. Kc4 Nd6+ 49. Kc5 Ne4+ 50. Kc6 1-0

[Event "TCh-AUT 1st Bundesliga 2007-8"]
[Site "Graz AUT"]
[Date "2008.03.13"]
[Round "8"]
[White "Hulak, K."]
[Black "Kantorik, M."]
[Result "1-0"]
[WhiteElo "2552"]
[BlackElo "2368"]
[PlyCount "55"]
[EventDate "2008.03.14"]
[Source "www.chesslib.no"]
[SourceDate "2004.05.04"]

1. d4 Nf6 2. c4 e6 3. Nc3 d5 4. Bg5 Nbd7 5. e3 Be7 6. Rc1 c6 7. Nf3 O-O 8. Bd3 b6 9. O-O Bb7 10. Qe2 c5 11. Rfd1 dxc4 12. Bxc4 Ne8 13. Bf4 Qc8 14. d5 exd5 15. Nxd5 Bd8 16. Ng5 Ndf6 17. Qc2 g6 18. Nxf6+ Bxf6 19. Nxf7 Rxf7 20. Qb3 Ng7 21. Bxf7+ Kh8 22. Bd5 Bxd5 23. Rxd5 Qe6 24. Rcd1 Rc8 25. Qc4 g5 26. Be5 Rf8 27. Qc3 h5 28. Bxf6 1-0

[Event "Toth Memorial"]
[Site "Kecskemet HUN"]
[Date "1972.??.??"]
[Round "?"]
[White "Suetin, Alexei S"]
[Black "Polgar, Istvan"]
[Result "1-0"]
[WhiteElo "2550"]
[BlackElo "2370"]
[PlyCount "131"]
[EventDate "1972.??.??"]
[Source "www.chesslib.no"]
[SourceDate "2004.05.04"]

1. c4 e6 2. Nc3 Nf6 3. Nf3 d5 4. d4 Be7 5. Bg5 Nbd7 6. e3 O-O 7. Rc1 c6 8. Bd3 dxc4 9. Bxc4 b5 10. Bd3 Bb7 11. O-O Rc8 12. a3 a5 13. Qc2 h6 14. Bxf6 gxf6 15. Rfd1 Qb6 16. Qe2 Rfd8 17. Nd2 Bf8 18. Qg4+ Bg7 19. b4 Qa7 20. Rb1 f5 21. Qe2 Ba8 22. Rdc1 Nf8 23. Nb3 a4 24. Nc5 Ng6 25. g3 Qe7 26. h4 Rd6 27. Qf3 Re8 28. Ne2 Rd5 29. Rd1 Red8 30. Bc2 R5d6 31. h5 Nf8 32. Nf4 Nh7 33. Nfd3 Qg5 34. Kg2 Nf6 35. Rh1 Ng4 36. Qe2 Qe7 37. Rbe1 Bh8 38. Bd1 Qg5 39. Qc2 Nf6 40. Bf3 Qg7 41. Ne5 Nd5 42. Rc1 Ne7 43. Qe2 Qg5 44. Rc2 Bg7 45. Rhc1 Rb8 46. Kg1 Bh8 47. Bg2 Qg7 48. Kh2 Kh7 49. Qe1 Qg8 50. f4 Qe8 51. Bf3 f6 52. Ned3 Qf7 53. Rg2 Rg8 54. Qe2 Rdd8 55. Qc2 Nd5 56. Re1 Qe8 57. e4 fxe4 58. Bxe4+ f5 59. Bxf5+ exf5 60. Rxe8 Rgxe8 61. Ne5 Ne3 62. Qd3 Bxe5 63. fxe5 Rxe5 64. Re2 Ng4+ 65. Kg1 Red5 66. Ne6 1-0

[Event "Francia t-ch"]
[Site "?"]
[Date "1990.??.??"]
[Round "5"]
[White "Illescas"]
[Black "Scholz"]
[Result "1-0"]
[WhiteElo "2530"]
[BlackElo "2385"]
[PlyCount "97"]
[EventDate "1990.??.??"]
[Source "www.chesslib.no"]
[SourceDate "2004.05.04"]

1. Nf3 Nf6 2. c4 e6 3. Nc3 d5 4. d4 Be7 5. Bg5 Nbd7 6. e3 O-O 7. Rc1 c6 8. Bd3 h6 9. Bh4 b6 10. O-O Bb7 11. Qe2 a6 12. Rfd1 Re8 13. Bg3 Nh5 14. Be5 Nhf6 15. e4 dxc4 16. Bxc4 b5 17. Bb3 Nxe5 18. Nxe5 Qb6 19. Nf3 Rad8 20. e5 Nd7 21. Bc2 c5 22. d5 exd5 23. Nxd5 Bxd5 24. Rxd5 Nf8 25. Rcd1 Rxd5 26. Rxd5 Rd8 27. Rxd8 Qxd8 28. Qe4 Qd7 29. g3 Qe6 30. b3 g6 31. h4 h5 32. Qa8 Kg7 33. Be4 Nd7 34. Bd5 Nb6 35. Bxe6 Nxa8 36. Bc8 Nc7 37. Kf1 f6 38. Ke2 fxe5 39. Nxe5 Bd6 40. Nc6 Kf6 41. Kd3 Kf7 42. Ke4 Kf6 43. Na5 Be5 44. Nc6 Bc3 45. Kd3 Be1 46. Ke2 Bc3 47. Nb8 Ke7 48. Bb7 Bd4 49. Nc6+ 1-0

[Event "URS Ch sf"]
[Site "Barnaul"]
[Date "1984.??.??"]
[Round "?"]
[White "Gorelov, Sergey G"]
[Black "Ubilava, Elizbar E"]
[Result "1/2-1/2"]
[WhiteElo "2445"]
[BlackElo "2470"]
[PlyCount "81"]
[EventDate "1984.08.??"]
[Source "www.chesslib.no"]
[SourceDate "2004.05.04"]

1. d4 d5 2. c4 e6 3. Nf3 Nf6 4. Bg5 Be7 5. e3 Nbd7 6. Nc3 h6 7. Bh4 O-O 8. Rc1 c6 9. Bd3 dxc4 10. Bxc4 b5 11. Bd3 a6 12. e4 Nxe4 13. Bxe4 Bxh4 14. Bxc6 Rb8 15. O-O Bf6 16. a4 bxa4 17. Nxa4 Rb4 18. Qd2 a5 19. Nc5 Nxc5 20. Rxc5 Qb6 21. Rfc1 Rd8 22. Be4 Rxb2 23. Qxa5 Qxa5 24. Rxa5 Bb7 25. Bxb7 Rxb7 26. Ra4 Rbd7 27. h4 Bxd4 28. Rxd4 Rxd4 29. Nxd4 Rxd4 30. g3 Kh7 31. Kg2 Kg6 32. Rc7 h5 33. Rb7 Kf6 34. Ra7 e5 35. Kf3 Ke6 36. Rb7 g6 37. Ra7 Rd7 38. Ra6+ Kf5 39. Ra8 Rd3+ 40. Kg2 Rd4 41. Ra7 1/2-1/2

[Event "URS-FL49"]
[Site "Volgodonsk"]
[Date "1981.??.??"]
[Round "13"]
[White "Vladimirov, Evgeny"]
[Black "Ubilava, Elizbar"]
[Result "1-0"]
[WhiteElo "2460"]
[BlackElo "2455"]
[PlyCount "99"]
[EventDate "1981.10.??"]
[Source "ChessBase"]

1. d4 d5 2. c4 e6 3. Nc3 Be7 4. Nf3 Nf6 5. Bg5 Nbd7 6. e3 O-O 7. Rc1 c6 8. Bd3 h6 9. Bh4 dxc4 10. Bxc4 b5 11. Bd3 a6 12. Bb1 Bb7 13. Qc2 c5 14. dxc5 b4 15. Rd1 g5 16. Nxg5 hxg5 17. Bxg5 bxc3 18. Bxf6 Nxf6 19. Rxd8 Rfxd8 20. Qxc3 a5 21. O-O Rac8 22. Qxa5 Rxc5 23. Qa7 Rd7 24. Qb8+ Kg7 25. Qg3+ Kf8 26. Qf4 Kg7 27. e4 Bd6 28. Qf3 Be5 29. b4 Rc4 30. a3 Rc3 31. Qe2 Rxa3 32. Qb5 Ba6 33. Qxe5 Bxf1 34. Kxf1 Rd1+ 35. Ke2 Rxb1 36. Qg5+ Kf8 37. Qxf6 Rxb4 38. Qd8+ Kg7 39. Qg5+ Kh7 40. Qh4+ Kg7 41. g3 Ra2+ 42. Kf3 Ra5 43. Qg4+ Kh7 44. Kg2 Raa4 45. Qh5+ Kg8 46. Qg5+ Kh7 47. e5 Re4 48. h4 Ra5 49. f4 Re3 50. Qf6 1-0

[Event "Guingamp op"]
[Site "Guingamp"]
[Date "2000.??.??"]
[Round "4"]
[White "Georgiev, Vladimir"]
[Black "Piankov, Evgenij"]
[Result "1/2-1/2"]
[WhiteElo "2538"]
[BlackElo "2375"]
[PlyCount "82"]
[EventDate "2000.??.??"]
[Source "www.chesslib.no"]
[SourceDate "2004.05.04"]

1. d4 d5 2. c4 e6 3. Nc3 Nf6 4. Bg5 Be7 5. e3 Nbd7 6. Nf3 c6 7. Rc1 O-O 8. Bd3 Re8 9. O-O Nf8 10. Bxf6 Bxf6 11. e4 dxe4 12. Nxe4 Be7 13. c5 Ng6 14. g3 e5 15. Nxe5 Be6 16. Bb1 f5 17. Nxg6 hxg6 18. Nc3 Bf6 19. d5 Bxd5 20. Nxd5 Qxd5 21. Qxd5+ cxd5 22. b4 Re2 23. Rfd1 Rb2 24. a3 a5 25. Rc2 axb4 26. Rxb2 Bxb2 27. axb4 d4 28. Bc2 Kf8 29. Bb3 Ra1 30. Rxa1 Bxa1 31. f4 d3 32. Kf1 Bc3 33. b5 Bb4 34. c6 bxc6 35. bxc6 Ba5 36. Bc4 d2 37. Ke2 Ke7 38. Bb3 Kf6 39. h4 Ke7 40. Bg8 Bb6 41. Bb3 Kd6 1/2-1/2

[Event "Santa Catalina"]
[Site "Santa Catalina"]
[Date "1987.??.??"]
[Round "?"]
[White "Sisniega, Marcel"]
[Black "Armas, Jorge"]
[Result "1/2-1/2"]
[WhiteElo "2455"]
[BlackElo "2455"]
[PlyCount "28"]
[EventDate "1987.??.??"]
[Source "www.chesslib.no"]
[SourceDate "2004.05.04"]

1. d4 d5 2. c4 e6 3. Nc3 Be7 4. Nf3 Nf6 5. Bg5 O-O 6. e3 Nbd7 7. Rc1 c6 8. Bd3 dxc4 9. Bxc4 b5 10. Bd3 b4 11. Ne4 Bb7 12. O-O Qa5 13. Bxf6 Bxf6 14. Ne5 Nxe5 1/2-1/2